NFL - All 1st Round Picks - Statistics

General Stats
  • This quiz has been taken 71 times
  • The average score is 19 of 32
Answer Stats
Hint Answer % Correct
QB | Miami | Tennessee Titans Cam Ward
100%
CB/WR | Colorado | Jacksonville Jaguars Travis Hunter
98%
RB | Boise State | Las Vegas Raiders Ashton Jeanty
93%
DE | Penn State | New York Giants Abdul Carter
92%
WR | Arizona | Carolina Panthers Tetairoa McMillan
89%
OT | LSU | New England Patriots Will Campbell
89%
LB | Alabama | Philadelphia Eagles Jihaad Campbell
87%
TE | Michigan | Chicago Bears Colston Loveland
82%
QB | Ole Miss | New York Giants Jaxson Dart
82%
TE | Penn State | Indianapolis Colts Tyler Warren
82%
WR | Ohio State | Tampa Bay Buccaneers Emeka Egbuka
77%
WR | Texas | Green Bay Packers Matthew Golden
75%
RB | North Carolina | Los Angeles Chargers Omarion Hampton
74%
DT | Michigan | Cleveland Browns Mason Graham
72%
S | Georgia | Baltimore Ravens Malaki Starks
52%
G | Alabama | Dallas Cowboys Tyler Booker
49%
DE | Texas A&M | Cincinnati Bengals Shemar Stewart
48%
OT | Missouri | New York Jets Armand Membou
44%
DE | Georgia | San Francisco 49ers Mykel Williams
44%
DT | Ohio State | Detroit Lions Tyleik Williams
44%
LB | Georgia | Atlanta Falcons Jalon Walker
43%
DE | Tennessee | Atlanta Falcons James Pearce Jr.
43%
G | North Dakota State | Seattle Seahawks Grey Zabel
41%
CB | Texas | Denver Broncos Jahdae Barron
39%
OT | Texas | New Orleans Saints Kelvin Banks Jr.
39%
CB | Kentucky | Buffalo Bills Maxwell Hairston
39%
DT | Ole Miss | Arizona Cardinals Walter Nolen
39%
DT | Oregon | Pittsburgh Steelers Derrick Harmon
38%
G | Ohio State | Minnesota Vikings Donovan Jackson
34%
OT | Ohio State | Kansas City Chiefs Josh Simmons
34%
DT | Michigan | Miami Dolphins Kenneth Grant
31%
OT | Oregon | Washington Commanders Josh Conerly Jr.
28%
No matching quizzes found
Score Distribution
Percent of People with Each Score
Percentile by Number Answered
Your Score History
You have not taken this quiz